000 00769nam a2200241Ia 4500
003 OSt
005 20220930194106.0
006 a|||||r|||| 00| 0
007 ta
008 220926b |||||||| |||| 00| 0 eng d
024 _a12351
037 _cDissertations
040 _aCRL
_cCRL
_beng
041 _2eng
_aeng
100 _aSengupta Amitava
_9520961
110 _aUniversity of Delhi. Faculty of Science. Department of Physics and Astrophysics
_9519374
245 0 _aSome ionospheric studies using faraday rotation of satellite signals
260 _c1974
650 _aPHYSICS
700 _aUniversity of Delhi. Faculty of Science. Department of Physics and Astrophysics
_9519380
942 _cDIS
_2CC
999 _c897303
_d897303